| 000 | 01026nam a22002417a 4500 | ||
|---|---|---|---|
| 999 |
_c4268 _d4268 |
||
| 003 | AR-CdUCM | ||
| 008 | 190308b ||||| |||| 00| 0 spa d | ||
| 040 |
_aMUNICIPALIDAD PROVINCIAL DEL CUSCO _cBIBLIOTECA MUNICIPAL DEL CUSCO |
||
| 082 |
_a341.1 / _bF38 |
||
| 100 |
_aFriedrich, Carl J. _911594 |
||
| 245 |
_aIntroducción a la Teoría Política : _bdoce conferencias pronunciadas en Harvard / |
||
| 260 |
_aMéxico D.F. : _bRoble, _c1970. |
||
| 300 |
_a190 páginas ; _c20 cm. |
||
| 500 | _aTítulo en inglés de la obra: An Introduction to political theory | ||
| 505 | _aContenido: Las dimensiones de la Libertad -- La doctrina del liberalismo: Locke y Mill -- Revolución y Justicia Social -- Marx, el marxismo y el reto de Totalitario -- La justicia y la función de la élite política ... | ||
| 650 |
_aIgualdad Política _913493 |
||
| 650 |
_aPoder y Autoridad _913494 |
||
| 650 |
_aAristoteles _913495 |
||
| 650 |
_aMaquiavelo _913496 |
||
| 700 |
_aMateo, Andrés M. _95976 |
||
| 942 |
_2ddc _cPP |
||
| 945 | _araen | ||